Statistics for F1 2021 moments

Click here to take the quiz!

General Stats

  • This quiz has been taken 78 times
  • The average score is 8 of 11

Answer Stats

HintAnswer% Correct
Verstappen and Hamilton collide at Turn 1, with Verstappen ending up on top of Lewis.Italy
97%
Rain denies Lando Norris his maiden F1 win.Russia
90%
In a multi-car collision caused by Valteri Bottas, Verstappen's championship hopes take a huge dent.Hungary
87%
Hamilton gains 25 places in one weekend.Brazil
85%
The shortest race in F1 history.Belguim
82%
Bottas DNFs in his pit box due to a stuck tire.Monaco
81%
Mazepin crashes three corners into his debut.Bahrain
78%
Verstappen has a tire failure, causing a huge accident.Azerbaijan
72%
The only circuit on the calendar that had never been raced on before.Saudi Arabia.
69%
There are two races at this circuitAustria
66%
The first ever F1 Sprint occurs.Britain
22%

Score Distribution

Percentile by Number Answered

Percent of People with Each Score

Your Score History

You have not taken this quiz